Регионална библиотека "Любен Каравелов" - Русе

Play it again! [CD аудио] (Запис номер 217740)

MARC детайли
000 -Лидер
Контролно поле с фиксирана дължина 00941njm a2200289 c 4500
003 - Код на организацията, давaща контролен номер
Контролно поле BLK
005 - Дата и час на последна редакция
Контролно поле 20180421002324.0
008 - Елементи от данни с фиксирана дължина
fixed length control field 180410b bul||n||s|||||||| n|bulo|
010 ## - Наследен системен номер
LC control number CDD00000868000
040 ## - Източник на каталожния запис
Идентификатор на билиотеката - собственик на записа BLK
041 ## - Код за език
Код за езика на текст/звукозапис или на отделно заглавие Немски
Код за езика КДБФ Немски
080 ## - УДК
Текстов определител УДК Други видове песни. - Естрада, джаз. Стари градски. Рок-и попмузика. Чалга(поп-фолк)
УДК код - определител по УДК 784.7
УДК определител
УДК - код + определител 784.7
139 ## - Редно поле
Редна дума City
Авторски знак Ci - C 58
245 10 - Сведения за заглавието
Заглавие Play it again! [CD аудио]
Подзаглавни данни Das Beste von City : CD 1-2
Редно поле (дума) изп. City.
Том CD 1
257 ## - Страна на издаване
Страна на създаване/издаване Германия
260 ## - Област на издателските данни
-- S. l.
Име на издателя, разпространителя и проч. Sony BMG Music Ent.
Година на издаване 2008
300 ## - Физическа характеристика
Размери/Мащаб 12 cm.
Тип мерна единица бр. в к-т
Количество на мерната единица 1 CD
380 ## - Жанр
Жанр Изкуство
653 ## - Ключова дума – ненормативна
Ключова дума рокмузика
700 1# - Други автори (авторска отговорност)
Лично име City
Автороска отговорност (Описва отношението между автора и произведението) изп.
9 (RLIN) 7328
760 1# - Описание на основната серия
Страници - том 58мин.
Заглавие CD 1
852 ## - Местоположение
Форматна сигнатура Цб CD 2436
Част 0
856 4# - Електронен адрес и достъп
Електронен формат pdf - файл
Път до файла /url/
856 4# - Електронен адрес и достъп
Електронен формат pdf - файл
Път до файла /url/
942 ## - АРТИКУЛИ
Вид на библиотечния материал Компактдискове
Скрит в OPAC Не
944 ## - СЪЗДАВАНЕ И РЕДАКЦИЯ на ЗАПИСА
Създаване/Редакция Създаване
Дата на регистрацията/редакция 05.01.2010
Служител, извършил регистрацията/редакцията Теодора_Стоянова
944 ## - СЪЗДАВАНЕ И РЕДАКЦИЯ на ЗАПИСА
Създаване/Редакция Редакция
Дата на регистрацията/редакция 05.01.2010
Служител, извършил регистрацията/редакцията
999 ## - СИСТЕМНИ КОНТРОЛНИ НОМЕРА
Koha biblionumber 217740
Koha biblioitemnumber 217740
Наличности
Код за отписване Код за изгубен артикул Източник на класификационната схема Код за повреда Коз за рестрикции Код за отдаване Артикулен № Име на библиотеката - собственик Име на библиотеката, в която се намира в момента Статус (Текущо местоположение) Дата на вписване в системата Местоположение - отдел Цена в лева Инвентарен номер Систематично азбучна сигнатура Баркод Номер на екземпляра Цена в евро Служебна бележка Служебен тип на артикула
  Не е изгубен Universal Decimal Classification Не е повреден без рестрикции заемане за дома 389115 Регионална библиотека "Любен Каравелов" Русе Регионална библиотека "Любен Каравелов" Русе Отдел Изкуство - подръчен фонд 2000-01-01 Отдел Изкуство - подръчен фонд 6.00 120000907627 78.036.9/C 58 120000907627 1 3.07 Дост: DA Вид: А N: стар фонд Дата: 01.01.2000 Съставил: Теодора_Стоянова Компактдискове
Vip Innovations Ltd, Rousse, Bulgaria 2025